000 00433nam a2200181Ia 4500
008 240925s9999 xx 000 0 und d
020 _aNA
082 _a297 PIC
100 _aPickar, Kenneth A.
245 4 _aThe Glories of Islam
250 _aNA
260 _aLahore:
_bTaj company
_c,1990.
300 _aix,288p.
_bNA
_fPhotocopy
500 _aNA
600 _aHumanities & Natural Science
650 _aReligion
942 _cBK
999 _c3013
_d3013